000 00916nam a2200253Ia 4500
003 OSt
005 20221005104804.0
006 a|||||r|||| 00| 0
007 ta
008 221004b |||||||| |||| 00| 0 hin d
024 _a109064
037 _cTextual
040 _aCRL
_cCRL
_bhin
041 _2hin
_ahin
082 _aO44,1xN5, 152K9
100 _aमिश्र, भवानीप्रसाद, संपा.
245 0 _aमृत्युंजयी
_b गांधी - काव्य - संकलन
246 _aMṛutyuanjayī: gāandhī - kāvya - sankalana
260 _aदिल्ली
_bशब्दगार भारत
_c1969
300 _a343पृ0
_ccm.
650 _aहिन्दी साहित्य
942 _hO44,1xN5, 152K9
_cTEXL
_2cc
999 _c1013793
_d1013793